Essentials of data science: Knowledge discovery using R (Record no. 31809)
[ view plain ]
| 000 -LEADER | |
|---|---|
| fixed length control field | 00481nam a2200169Ia 4500 |
| 008 - FIXED-LENGTH DATA ELEMENTS--GENERAL INFORMATION | |
| fixed length control field | 230917s9999||||xx |||||||||||||| ||und|| |
| 020 ## - ISBN | |
| Price | GBP51.99 |
| 040 ## - CATALOGING SOURCE | |
| -- | 256519 |
| Original cataloging agency | VIVEKANANDA LIBRARY |
| 041 ## - Language | |
| -- | English |
| 082 ## - DDC NUMBER | |
| Classification number | 005.7 W672E |
| 100 ## - MAIN ENTRY--PERSONAL NAME | |
| Personal name | Williams, Graham J |
| 245 #0 - TITLE STATEMENT | |
| Title | Essentials of data science: Knowledge discovery using R |
| 260 ## - PUBLICATION, DISTRIBUTION, ETC. (IMPRINT) | |
| Place of publication, distribution, etc | Boca Raton |
| Name of publisher, distributor, etc | CRC Press |
| Date of publication, distribution, etc | 2017 |
| 300 ## - PHYSICAL DESCRIPTION | |
| Pages | xix, 322 p. |
| 500 ## - GENERAL NOTE | |
| General note | 3520 19/07/2019 APD19/1100263 20/08/2019 Main Budget |
| 942 ## - ADDED ENTRY ELEMENTS (KOHA) | |
| Koha item type | Books |
| Withdrawn status | Lost status | Damaged status | Not for loan | Location (home branch) | Sublocation or collection (holding branch) | Date acquired | Koha issues (times borrowed) | Koha full call number | Accession No. | Koha date last seen | Koha item type |
|---|---|---|---|---|---|---|---|---|---|---|---|
| VIVEKANANDA LIBRARY | VIVEKANANDA LIBRARY | 17/10/2019 | 005.7 W672E | 389166 | 17/09/2023 | Books |
